| 000 | 00000nam##2200000za#4500 |
| 001 | 9.635092 |
| 003 | CaOODSP |
| 005 | 20210624220106 |
| 007 | cr ||||||||||| |
| 008 | 150407|2008||||xxc|||||o f|0| 0 fre|d |
| 020 | |a978-0-662-08314-6 |
| 040 | |aCaOODSP|bfre |
| 043 | |an-cn--- |
| 086 | 1 |aEn84-59/2008F-PDF |
| 110 | 1 |aCanada. |bEnvironnement Canada. |
| 245 | 10|aProgramme canadien de crédit pour des mesures d'action précoce |h[ressource électronique] |
| 246 | 1 |aPrendre le virage |
| 260 | |aOttawa - Ontario : |bEnvironnement Canada |cMars 2008. |
| 300 | |a18p.|bfigure, tableau |
| 500 | |aLe n° de catalogue (En84-59/2008) et l'ISBN (978-0-662-05521-1) de l'édition imprimée bilingue ont été incorrectement copiés dans la version électronique. |
| 520 | 3 |aA pour objectif de solliciter des commentaires sur le Programme de crédit pour des mesures d’action précoce proposé, y compris sur les règles en matière d’admissibilité et sur le processus d’attribution de crédits. |
| 590 | |a12-24-Supp|b2012-05-30 |
| 691 | 07|aProgramme relatif à l'environnement|2gcpds |
| 775 | 08|tCanada's Credit for Early Action Program |w(CaOODSP)9.690742 |
| 776 | 0#|tCanada's Credit for Early Action Program |w(CaOODSP)9.669845 |
| 776 | 0#|tProgramme canadien de crédit pour des mesures d'action précoce |w(CaOODSP)9.669846 |
| 856 | 40|ahttp://publications.gc.ca|qPDF|s725 Ko|uhttps://publications.gc.ca/collections/collection_2012/ec/En84-59-2008-fra.pdf |